书目信息 |
| 题名: |
敬业
|
|
| 作者: | 沛霖·泓露 编译 | |
| 分册: | ||
| 出版信息: | 北京 中国商业出版社 2015 |
|
| 页数: | 261页 | |
| 开本: | 24cm | |
| 丛书名: | ||
| 单 册: | ||
| 中图分类: | B822.9 | |
| 科图分类: | ||
| 主题词: | 职业道德--通俗读物 | |
| 电子资源: | ||
| ISBN: | 978-7-5044-8858-9 | |
| 000 | 00715nam0 2200229 450 | |
| 001 | 012001000245 | |
| 005 | 20140920091301.0 | |
| 010 | @a978-7-5044-8858-9@dCNY39.80 | |
| 100 | @a20160109d2015 em y0chiy50 ea | |
| 101 | 0 | @achi |
| 102 | @aCN@b110000 | |
| 105 | @ay z 000yy | |
| 106 | @ar | |
| 200 | 1 | @a敬业@9Jing Ye@f沛霖·泓露编译 |
| 210 | @a北京@c中国商业出版社@d2015 | |
| 215 | @a261页@d24cm | |
| 330 | @a本书共分为九章,主要内容包括:敬业为魂、责任是敬业的保障、敬业才能勤业、敬业离不开纪律和制度、敬业不需要借口等。 | |
| 606 | 0 | @a职业道德@j通俗读物 |
| 690 | @aB822.9@v5 | |
| 701 | 0 | @a沛霖·泓露@9Pei Lin · Hong Lu@4编译 |
| 801 | 0 | @aCN@b上海新华@c20180901 |
| 905 | @b1041213-17@dB822.9@e1071@f5 | |
| 敬业/沛霖·泓露编译.-北京:中国商业出版社,2015 |
| 261页;24cm |
| ISBN 978-7-5044-8858-9:CNY39.80 |
| 本书共分为九章,主要内容包括:敬业为魂、责任是敬业的保障、敬业才能勤业、敬业离不开纪律和制度、敬业不需要借口等。 |
| ● |
| 相关链接 |
|
|
|
|
正题名:敬业
索取号:B822.9/1071
 
预约/预借
| 序号 | 登录号 | 条形码 | 馆藏地/架位号 | 状态 | 备注 |
| 1 | 1041213 | 210412132 | 第一样本阅览室/ [索取号:B822.9/1071] | 在馆 | |
| 2 | 1041214 | 210412141 | 第一借阅区/ [索取号:B822.9/1071] | 在馆 | |
| 3 | 1041215 | 210412150 | 第一借阅区/ [索取号:B822.9/1071] | 在馆 | |
| 4 | 1041216 | 210412169 | 第一借阅区/ [索取号:B822.9/1071] | 在馆 | |
| 5 | 1041217 | 210412178 | 第一借阅区/ [索取号:B822.9/1071] | 在馆 |